<?xml version="1.0" encoding="UTF-8"?>
<record
    xmlns:xsi="http://www.w3.org/2001/XMLSchema-instance"
    xsi:schemaLocation="http://www.loc.gov/MARC21/slim http://www.loc.gov/standards/marcxml/schema/MARC21slim.xsd"
    xmlns="http://www.loc.gov/MARC21/slim">

  <leader>00336nam a22000977a 4500</leader>
  <controlfield tag="008">230901b        |||||||| |||| 00| 0 eng d</controlfield>
  <datafield tag="040" ind1=" " ind2=" ">
    <subfield code="a">National Science Library</subfield>
    <subfield code="c">National Science Library</subfield>
  </datafield>
  <datafield tag="245" ind1=" " ind2=" ">
    <subfield code="a">Doklandy of the academy of sciences of the U.S.S.R</subfield>
  </datafield>
  <datafield tag="260" ind1=" " ind2=" ">
    <subfield code="a">Washington, D.C: </subfield>
    <subfield code="b">The American Geological Institute </subfield>
  </datafield>
  <datafield tag="942" ind1=" " ind2=" ">
    <subfield code="c">CR</subfield>
    <subfield code="2">udc</subfield>
  </datafield>
  <datafield tag="999" ind1=" " ind2=" ">
    <subfield code="c">60117</subfield>
    <subfield code="d">60117</subfield>
  </datafield>
  <datafield tag="952" ind1=" " ind2=" ">
    <subfield code="0">0</subfield>
    <subfield code="1">0</subfield>
    <subfield code="3">Vol. 193-195, 1970</subfield>
    <subfield code="4">0</subfield>
    <subfield code="7">0</subfield>
    <subfield code="9">134006</subfield>
    <subfield code="a">NSL</subfield>
    <subfield code="b">NSL</subfield>
    <subfield code="c">FF/Rk-57/C-2/R-1</subfield>
    <subfield code="d">1973-06-18</subfield>
    <subfield code="l">0</subfield>
    <subfield code="p">47894</subfield>
    <subfield code="r">2023-09-01 00:00:00</subfield>
    <subfield code="w">1973-06-18</subfield>
    <subfield code="y">CR</subfield>
  </datafield>
  <datafield tag="952" ind1=" " ind2=" ">
    <subfield code="0">0</subfield>
    <subfield code="1">0</subfield>
    <subfield code="3">Vol. 151, 1964</subfield>
    <subfield code="4">0</subfield>
    <subfield code="7">0</subfield>
    <subfield code="9">134012</subfield>
    <subfield code="a">NSL</subfield>
    <subfield code="b">NSL</subfield>
    <subfield code="c">FF/Rk-57/C-2/R-1</subfield>
    <subfield code="d">1971-12-01</subfield>
    <subfield code="l">0</subfield>
    <subfield code="p">40043</subfield>
    <subfield code="r">2023-09-01 00:00:00</subfield>
    <subfield code="w">1971-12-01</subfield>
    <subfield code="y">CR</subfield>
  </datafield>
  <datafield tag="952" ind1=" " ind2=" ">
    <subfield code="0">0</subfield>
    <subfield code="1">0</subfield>
    <subfield code="3">Vol. 182-184, 1968-69</subfield>
    <subfield code="4">0</subfield>
    <subfield code="7">0</subfield>
    <subfield code="9">134014</subfield>
    <subfield code="a">NSL</subfield>
    <subfield code="b">NSL</subfield>
    <subfield code="c">FF/Rk-57/C-2/R-1</subfield>
    <subfield code="d">1972-03-20</subfield>
    <subfield code="l">0</subfield>
    <subfield code="p">41422</subfield>
    <subfield code="r">2023-09-01 00:00:00</subfield>
    <subfield code="w">1972-03-20</subfield>
    <subfield code="y">CR</subfield>
  </datafield>
  <datafield tag="952" ind1=" " ind2=" ">
    <subfield code="0">0</subfield>
    <subfield code="1">0</subfield>
    <subfield code="3">Vol. 178-181, 1968</subfield>
    <subfield code="4">0</subfield>
    <subfield code="7">0</subfield>
    <subfield code="9">134021</subfield>
    <subfield code="a">NSL</subfield>
    <subfield code="b">NSL</subfield>
    <subfield code="c">FF/Rk-57/C-2/R-1</subfield>
    <subfield code="d">1970-09-02</subfield>
    <subfield code="l">0</subfield>
    <subfield code="p">33279</subfield>
    <subfield code="r">2023-09-01 00:00:00</subfield>
    <subfield code="w">1970-09-02</subfield>
    <subfield code="y">CR</subfield>
  </datafield>
  <datafield tag="952" ind1=" " ind2=" ">
    <subfield code="0">0</subfield>
    <subfield code="1">0</subfield>
    <subfield code="3">Vol. 190-192, 1970</subfield>
    <subfield code="4">0</subfield>
    <subfield code="7">0</subfield>
    <subfield code="9">134023</subfield>
    <subfield code="a">NSL</subfield>
    <subfield code="b">NSL</subfield>
    <subfield code="c">FF/Rk-57/C-2/R-1</subfield>
    <subfield code="d">1972-03-29</subfield>
    <subfield code="l">0</subfield>
    <subfield code="p">45138</subfield>
    <subfield code="r">2023-09-01 00:00:00</subfield>
    <subfield code="w">1972-03-29</subfield>
    <subfield code="y">CR</subfield>
  </datafield>
  <datafield tag="952" ind1=" " ind2=" ">
    <subfield code="0">0</subfield>
    <subfield code="1">0</subfield>
    <subfield code="3">Vol. 172-174, 1967</subfield>
    <subfield code="4">0</subfield>
    <subfield code="7">0</subfield>
    <subfield code="9">134025</subfield>
    <subfield code="a">NSL</subfield>
    <subfield code="b">NSL</subfield>
    <subfield code="c">FF/Rk-57/C-2/R-1</subfield>
    <subfield code="d">1972-03-20</subfield>
    <subfield code="l">0</subfield>
    <subfield code="p">41421</subfield>
    <subfield code="r">2023-09-01 00:00:00</subfield>
    <subfield code="w">1972-03-20</subfield>
    <subfield code="y">CR</subfield>
  </datafield>
  <datafield tag="952" ind1=" " ind2=" ">
    <subfield code="0">0</subfield>
    <subfield code="1">0</subfield>
    <subfield code="3">Vol. 164-165, 1965</subfield>
    <subfield code="4">0</subfield>
    <subfield code="7">0</subfield>
    <subfield code="9">134028</subfield>
    <subfield code="a">NSL</subfield>
    <subfield code="b">NSL</subfield>
    <subfield code="c">FF/Rk-57/C-2/R-1</subfield>
    <subfield code="d">1972-03-20</subfield>
    <subfield code="l">0</subfield>
    <subfield code="p">41420</subfield>
    <subfield code="r">2023-09-01 00:00:00</subfield>
    <subfield code="w">1972-03-20</subfield>
    <subfield code="y">CR</subfield>
  </datafield>
  <datafield tag="952" ind1=" " ind2=" ">
    <subfield code="0">0</subfield>
    <subfield code="1">0</subfield>
    <subfield code="3">Vol. 196-201, 1971</subfield>
    <subfield code="4">0</subfield>
    <subfield code="7">0</subfield>
    <subfield code="9">134033</subfield>
    <subfield code="a">NSL</subfield>
    <subfield code="b">NSL</subfield>
    <subfield code="c">FF/Rk-57/C-2/R-1</subfield>
    <subfield code="d">1972-03-20</subfield>
    <subfield code="l">0</subfield>
    <subfield code="p">75053</subfield>
    <subfield code="r">2023-09-01 00:00:00</subfield>
    <subfield code="w">1972-03-20</subfield>
    <subfield code="y">CR</subfield>
  </datafield>
  <datafield tag="952" ind1=" " ind2=" ">
    <subfield code="0">0</subfield>
    <subfield code="1">0</subfield>
    <subfield code="3">Vol. 202-207, 1972</subfield>
    <subfield code="4">0</subfield>
    <subfield code="7">0</subfield>
    <subfield code="9">134038</subfield>
    <subfield code="a">NSL</subfield>
    <subfield code="b">NSL</subfield>
    <subfield code="c">FF/Rk-57/C-2/R-1</subfield>
    <subfield code="d">1975-05-30</subfield>
    <subfield code="l">0</subfield>
    <subfield code="p">74450</subfield>
    <subfield code="r">2023-09-01 00:00:00</subfield>
    <subfield code="w">1975-05-30</subfield>
    <subfield code="y">CR</subfield>
  </datafield>
  <datafield tag="952" ind1=" " ind2=" ">
    <subfield code="0">0</subfield>
    <subfield code="1">0</subfield>
    <subfield code="3">Vol. 160-163, Jan-Aug, 1965</subfield>
    <subfield code="4">0</subfield>
    <subfield code="7">0</subfield>
    <subfield code="9">179843</subfield>
    <subfield code="a">NSL</subfield>
    <subfield code="b">NSL</subfield>
    <subfield code="c">FF/Rk-57/C-2/R-1</subfield>
    <subfield code="d">1967-08-23</subfield>
    <subfield code="l">0</subfield>
    <subfield code="p">17945</subfield>
    <subfield code="r">2024-08-23 00:00:00</subfield>
    <subfield code="w">1967-08-23</subfield>
    <subfield code="y">CR</subfield>
  </datafield>
</record>
